<?xml version="1.0" encoding="UTF-8"?><?xml-stylesheet type="text/xsl" href="static/style.xsl"?><OAI-PMH xmlns="http://www.openarchives.org/OAI/2.0/" xmlns:xsi="http://www.w3.org/2001/XMLSchema-instance" xsi:schemaLocation="http://www.openarchives.org/OAI/2.0/ http://www.openarchives.org/OAI/2.0/OAI-PMH.xsd"><responseDate>2026-06-02T03:49:36Z</responseDate><request verb="GetRecord" identifier="oai:riuma.uma.es:10630/8238" metadataPrefix="marc">https://riuma.uma.es/rest/oai/request</request><GetRecord><record><header><identifier>oai:riuma.uma.es:10630/8238</identifier><datestamp>2026-02-03T11:47:23Z</datestamp><setSpec>com_10630_2254</setSpec><setSpec>col_10630_37959</setSpec></header><metadata><record xmlns="http://www.loc.gov/MARC21/slim" xmlns:dcterms="http://purl.org/dc/terms/" xmlns:doc="http://www.lyncode.com/xoai" xmlns:xsi="http://www.w3.org/2001/XMLSchema-instance" xsi:schemaLocation="http://www.loc.gov/MARC21/slim http://www.loc.gov/standards/marcxml/schema/MARC21slim.xsd">
   <leader>00925njm 22002777a 4500</leader>
   <datafield ind2=" " ind1=" " tag="042">
      <subfield code="a">dc</subfield>
   </datafield>
   <datafield ind2=" " ind1=" " tag="720">
      <subfield code="a">Pérez-Cruzado, David Francisco</subfield>
      <subfield code="e">author</subfield>
   </datafield>
   <datafield ind2=" " ind1=" " tag="720">
      <subfield code="a">Cuesta-Vargas, Antonio</subfield>
      <subfield code="e">author</subfield>
   </datafield>
   <datafield ind2=" " ind1=" " tag="720">
      <subfield code="a">Merchan Baeza, Jose Antonio</subfield>
      <subfield code="e">author</subfield>
   </datafield>
   <datafield ind2=" " ind1=" " tag="720">
      <subfield code="a">Roldán-Jiménez, Cristina</subfield>
      <subfield code="e">author</subfield>
   </datafield>
   <datafield ind2=" " ind1=" " tag="260">
      <subfield code="c">2014-10-16</subfield>
   </datafield>
   <datafield ind2=" " ind1=" " tag="520">
      <subfield code="a">Background&#xd;
People with intellectual disabilities (ID) have a poor level of physical activity as they experience many barriers towards doing it (Bodde &amp; Seo, 2009). Physical activity provides many benefits so there are studies to improve adherence to physical activity (Stanish &amp; Frey, 2008). In our study we carried out a multimodal intervention (educational advice + physical activity) to improve adherence to physical activity in people with ID.&#xd;
 Method.&#xd;
The sample consisted of 40 people with ID. They all received a multimodal intervention in ASPROMANIS INDUSTRIAL (Malaga, Spain), 2 hours per week for 8 weeks. The outcome measures were:  IPAQ (International Physical Activity Questionnaire, WhoQoL Scale to find out about quality of life and SE/SS-AID to know self-efficacy and social support for activity. We measured fitness condition (strength, flexibility, balance and aerobic condition) through a physical fitness test (Functional reach test, single-leg stance with eyes open, single-leg stance with eyes closed, passive knee extension, calf muscle flexibility, anterior hip flexibility, functional shoulder rotation, time-stands test, partial sit-up test, handgrip test, two-minute step test). &#xd;
Results and discussion&#xd;
The results show that with the multimodal intervention, we did not find significant changes in physical activity by measuring with IPAQ (Mets/total) in people with ID. However, we detected an increasing trend [F=0.04(0,84). On the other hand we found significant changes in quality of life [F=4.18(0,04)], professional support[F=40,31(0)] and support for friends [10,09(0)]. Finally, in those with the fitness condition, we found an increasing trend towards flexibility, strength, balance and aerobic condition, and a significant increase in abdominal muscle strength [4.22(0,04)].&#xd;
Conclussion&#xd;
The conclusion of our study is that a multimodal intervention over 8 weeks in people with ID can improve their quality of life and provide social support for activity, but without significant improvement in physical condition and physical activity. Randomized clinical trials and a higher sample will be needed to confirm this tendency towards improvement.</subfield>
   </datafield>
   <datafield ind1="8" ind2=" " tag="024">
      <subfield code="a">http://hdl.handle.net/10630/8238</subfield>
   </datafield>
   <datafield tag="653" ind2=" " ind1=" ">
      <subfield code="a">Disminuidos mentales - Ejercicio físico</subfield>
   </datafield>
   <datafield ind2="0" ind1="0" tag="245">
      <subfield code="a">Improving adherence physical activity, quality of life and social support for activities in people with intellectual disabilities, through multimodal intervention (education + activity)</subfield>
   </datafield>
</record>
</metadata></record></GetRecord></OAI-PMH>